Score 0/20 Timer 05:00
4 Plays Today
% Correct
Cute Lamb
93.2%
Hamster 2
92.7%
Screamapillar
92.3%
Hosey the Bear
91.8%
Frog Prince
91.4%
The Raven
91%
Radioactive Ape
88.3%
Blood Ponies
88.1%
Flying Monkeys
87.7%
Uniclams
87.4%
% Correct
Space Coyote
87.4%
Blinky
86.4%
Pinky
86%
Strangles
84.6%
She's the Fastest
78.4%
Officer Bobo
74.4%
Hallucination Fish
73.7%
Stewart
71.5%
Slimu
69.8%
Maurice
65.7%

You're not logged in!

Compare scores with friends on all Sporcle quizzes.
OR
Log In

Sporcle TV

Today on Sporcle TV


Watch our educational content, quiz creation guides, and fun videos on Sporcle TV.

Show Comments

Extras

Top Quizzes Today


Score Distribution

Paid Content

Your Account Isn't Verified!

In order to create a playlist on Sporcle, you need to verify the email address you used during registration. Go to your Sporcle Settings to finish the process.

Report this User

Report this user for behavior that violates our Community Guidelines.

Details: